Management strategies for white root disease in Malaysia (Record no. 62463)

MARC details
000 -LEADER
fixed length control field 00513nam a2200133Ia 4500
100 ## - MAIN ENTRY--AUTHOR NAME
Personal name Murnita M.M
245 #0 - TITLE STATEMENT
Title Management strategies for white root disease in Malaysia
260 ## - PUBLICATION, DISTRIBUTION, ETC. (IMPRINT)
Name of publisher International Workshop on White Root Disease of Hevea Rubber: New Directions & Strategies in Management, IRRDB & Rubber Research Institute of Sri Lanka, Sri Lanka, pp.21-27.
650 ## - SUBJECT ADDED ENTRY--TOPICAL TERM
Topical Term Disease management
650 ## - SUBJECT ADDED ENTRY--TOPICAL TERM
Topical Term Malaysia
650 ## - SUBJECT ADDED ENTRY--TOPICAL TERM
Topical Term White root disease
942 ## - ADDED ENTRY ELEMENTS (KOHA)
Koha item type Journals
Holdings
Withdrawn status Lost status Damaged status Not for loan Home library Current library Shelving location Date acquired Koha item type
      Journals RRII Library RRII Library Pathology 17/12/2021 Journals